AKA a Town in Missouri Quiz Stats

 Plays Quiz not verified by Sporcle

Score 0/10 Timer 04:00
0 Plays Today
Clue City % Correct
A sport played on horsebackPolo
100%
Citizen Kane's sledRosebud
94.1%
FlavorlessBland
88.2%
Opposite of conservativeLiberal
88.2%
Whiskey made in the USBourbon
82.4%
To move forward, as in battleAdvance
70.6%
Relating to an empireImperial
64.7%
A large wading birdCrane
52.9%
Smart, intelligentClever
35.3%
A new or unfamiliar experience, or a trinketNovelty
29.4%

You're not logged in!

Compare scores with friends on all Sporcle quizzes.
OR
Log In

Sporcle TV

Today on Sporcle TV


Watch our educational content, quiz creation guides, and fun videos on Sporcle TV.

Show Comments

Extras

Top Quizzes Today


Score Distribution

Your Account Isn't Verified!

In order to create a playlist on Sporcle, you need to verify the email address you used during registration. Go to your Sporcle Settings to finish the process.

Report this User

Report this user for behavior that violates our Community Guidelines.

Details: